Statistics for Top 10 Countries with lowest unemployment

Click here to take the quiz!

General Stats

  • This quiz has been taken 31 times
  • The average score is 3 of 10

Answer Stats

HintAnswer% Correct
0Monaco
74%
2Singapore/ Seychelles/ Kiribati
67%
0.4Qatar
52%
1.4Cuba
33%
0.7Thailand
11%
1Azerbaijan
11%
1.7Vanuatu
11%
1Belarus
7%
1Uzbekistan
4%
1.9Papua New Guinea
0%

Score Distribution

Percentile by Number Answered

Percent of People with Each Score

Your Score History

You have not taken this quiz